| 000 | 00851nam a22002177a 4500 | ||
|---|---|---|---|
| 999 |
_c11040 _d11040 |
||
| 003 | AR-CdUCM | ||
| 008 | 190402b ||||| |||| 00| 0 spa d | ||
| 040 |
_aMUNICIPALIDAD PROVINCIAL DEL CUSCO _cBIBLIOTECA MUNICIPAL DEL CUSCO |
||
| 082 |
_a301.03 / _bM12 / 1959 |
||
| 100 |
_aMaclean, Roberto _928168 |
||
| 245 | _aSociología del Perú / | ||
| 260 |
_aMéxico : _bPanamericana, _c1959. |
||
| 300 |
_a666 paginas ; _c24 cm. |
||
| 505 | _aContenido : Orígenes del hombre y de la cultura en el Perú -- El determinismo geográfico en la evolución social del Perú -- Clases sociales en era precolombina ... | ||
| 650 |
_aSociología _9276 |
||
| 650 |
_aHistoria _9246 |
||
| 650 |
_aSociedad _953 |
||
| 710 |
_aInstituto de investigaciones sociales Universidad Nacional Autonomía de México _928169 |
||
| 942 |
_2ddc _cLIBROS |
||
| 945 | _arah | ||